| 000 | 00501nam a2200193Ia 4500 | ||
|---|---|---|---|
| 003 | OSt | ||
| 005 | 20220831110747.0 | ||
| 008 | 220831b |||||||| |||| 00| 0 eng d | ||
| 020 | _a0903393387 | ||
| 040 | _cIFM Library | ||
| 082 | _a368.012 | ||
| 100 |
_aCarter, R. L. _98924 |
||
| 245 | _aReinsurance | ||
| 260 |
_aMiddlesex: _bKluwer Publishing and M & G, _c1979 |
||
| 300 |
_axi,590.: _bill.; 24cm |
||
| 500 | _aInclude Bibliography and Index | ||
| 650 |
_aInsurance _98925 |
||
| 942 |
_cBK _2ddc _n0 |
||
| 999 |
_c6543 _d6543 |
||